• 首页
  • 本馆介绍
  • 公告通知
  • 最新文献
  • 馆藏检索
  • 电子资源
  • 读者导购
  • 参考咨询
  • 我的图书馆
  • 登录
  • 详细信息显示
  • 放入我的书架
  • 预约/预借图书
  • 作者相关作品
  • 分类相关作品
  • 丛书相关作品
  • 出版社相关作品

书目信息

  • 表格格式
  • 工作单格式
  • 卡片格式
题名:
近代技术革命
    
 
作者: 姜振寰 著
分册:  
出版信息: 北京   科学普及出版社  1985
页数: 92页
开本: 19cm
丛书名: 现代信息丛书
单 册:
中图分类: N09 , G303
科图分类:
主题词: 技术革命--近代 , 科学研究--理论
电子资源:
ISBN:
000 00742nam2 2200289 45
001 0185010386
005 20040505154207.4
010    @dCNY0.55
091    @a17051.1050
100    @a19900829d1985 em y0chiy0121 ea
101 0  @achi
102    @aCN@b110000
105    @ay z 000yy
106    @ar
200 10 @a近代技术革命@Ajin dai ji shu ge ming@f姜振寰著
210    @a北京@c科学普及出版社@d1985
215    @a92页@d19cm
225 2  @a现代信息丛书
410  0 @120010@a现代信息丛书
606    @a技术革命@z近代
606 0  @a科学研究@x理论
690    @aN09@v3 
690    @aG303
701  0 @a姜振寰@Ajiang zhen huan@4著
801  0 @aCN@b深圳图书馆@c20040505
801  2 @aCN@bNLC@c20040505
905    @f4@b151067-070@dG303@e29
    
    近代技术革命/姜振寰著.-北京:科学普及出版社,1985
    92页;19cm.-(现代信息丛书)
    
    
    ISBN :CNY0.55
    
●
相关链接 在E读中查询图书 在五车中查询图书 在当当中查询图书 在豆瓣中查询图书


正题名:近代技术革命     索取号:G303/29         预约/预借

序号 登录号 条形码 馆藏地/架位号 状态 备注
1 0151067   000987873   密集书库/ [索取号:G303/29] 在馆    
2 0151068   000987882   密集书库/ [索取号:G303/29] 在馆    
3 0151069   000987864   密集书库/ [索取号:G303/29] 在馆    
4 0151070   000988783   密集书库/ [索取号:G303/29] 在馆    
5 0151071   000988774   第一样本阅览室/ [索取号:G303/29] 在馆    
唐山师范学院图书馆 欢迎您!
大连网信软件有限公司© 版权所有